Nuzhat al-alibbā fī ṭabaqāt al-udabā, ayy, al-nuḥāh /
Main Author:
Format: Book
Language: Arabic
Published:
al-Qāhirah :
[publisher not identified],
1294 [1877].
Subjects:
Tags: Add Tag
Call Number: ( RA )PJ6063 .I17 N9 1877
| LEADER | 01385nam a2200277Ia 4500 | ||
|---|---|---|---|
| 003 | OSt | ||
| 005 | 20240522120621.0 | ||
| 008 | 130303s1877 ua 000 0cara d | ||
| 952 | |0 0 |1 0 |2 lcc |4 0 |7 1 |9 29141 |a ARCE |b ARCE |d 2022-01-25 |l 0 |o ( RA )PJ6063 .I17 N9 1877 |p 1033314 |r 2022-01-25 00:00:00 |w 2022-01-25 |y BK | ||
| 999 | |c 27364 |d 27364 | ||
| 040 | |c ARCE Library | ||
| 043 | |a ma----- | ||
| 050 | 4 | |a ( RA )PJ6063 .I17 N9 1877 | |
| 100 | 1 | |6 880-01 |a Ibn al-Anbārī, ʿAbd al-Raḥmān ibn Muḥammad, |d 1119-1181, |e author | |
| 245 | 1 | 0 | |6 880-02 |a Nuzhat al-alibbā fī ṭabaqāt al-udabā, ayy, al-nuḥāh / |c taʼlīf Abī al-Barakāt ʻAbd al-Raḥmān ibn Muḥammad al-Anbārī. |
| 246 | 3 | 0 | |a Nuḥāh. |
| 246 | 3 | 0 | |a Nuzhat al-alibbā fī ṭabaqāt al-udabā. |
| 264 | 1 | |a al-Qāhirah : |b [publisher not identified], |c 1294 [1877]. | |
| 300 | |a 491 pages ; |c 19 cm. | ||
| 650 | 0 | |a Authors, Arab |v Biography |v Early works to 1800. | |
| 650 | 0 | |a Grammarians |z Arab countries |v Biography |v Early works to 1800. | |
| 650 | 0 | |a Muslim scholars |v Biography |v Early works to 1800. | |
| 880 | 1 | |6 100-01/(3/r |a إبن الأنبارى، عبد الرحمن بن محمد، |d 1119-1181. | |
| 880 | 1 | 0 | |6 245-02/(3/r |a نزهة الألبا فى طبقات الأدبا، أى، النحاة |c تأليف أبى البركات عبد الرحمن بن محمد الأنبارى |
| 901 | |a reviewed | ||
| 942 | |c BK |2 lcc | ||
